[Event "SVG Plettenberg 1 - Bielefelder SK 1"]
[Site "NRW-Klasse, Gruppe 1 2016/201"]
[Date "2016.11.13"]
[Round "3.2"]
[White "Bosch, Jeroen"]
[Black "Gruen, Gerd-Peter"]
[Result "1-0"]
[WhiteElo "2353"]
[BlackElo "2214"]
[PlyCount "97"]
[EventDate "2016.??.??"]
[WhiteTeam "SVG Plettenberg 1"]
[BlackTeam "Bielefelder SK 1"]

1. d4 Nf6 2. Bg5 e6 3. e4 h6 4. Bxf6 Qxf6 5. c3 d6 6. Bd3 e5 7. Ne2 g6 8. O-O
Bg7 9. f4 Qe7 10. f5 O-O 11. fxg6 fxg6 12. Qb3+ Kh7 13. Rxf8 Qxf8 14. Na3 a6
15. Rf1 Qe8 16. dxe5 dxe5 17. Nc2 Nd7 18. Qf7 Qxf7 19. Rxf7 Nc5 20. Bc4 c6 21.
Ng3 Na4 22. b4 Nxc3 23. Ne3 Nb5 24. Re7 h5 25. Re8 Nd6 26. Bg8+ Kh6 27. Rd8 h4
28. Rxd6 hxg3 29. Bf7 Bf8 30. Rxg6+ Kh7 31. Rxg3 Bxb4 32. Rg8 Bc5 33. Kf2 b5
34. Kf3 Bb7 35. Rxa8 Bxa8 36. Nf5 Bb7 37. g4 Bc8 38. g5 Bf8 39. h4 c5 40. h5 c4
41. h6 Kh8 42. g6 Bxf5 43. exf5 Bxh6 44. f6 a5 45. Ke4 a4 46. a3 Bf8 47. Bd5
Bh6 48. Kxe5 c3 49. Ke6 1-0

[Event "SVG Plettenberg 1 - Bielefelder SK 1"]
[Site "NRW-Klasse, Gruppe 1 2016/201"]
[Date "2016.11.13"]
[Round "3.3"]
[White "Goeßling, Guido"]
[Black "Klip, Hans"]
[Result "1/2-1/2"]
[WhiteElo "2075"]
[BlackElo "2311"]
[PlyCount "92"]
[EventDate "2016.??.??"]
[WhiteTeam "Bielefelder SK 1"]
[BlackTeam "SVG Plettenberg 1"]

1. e4 e5 2. Nf3 Nc6 3. Bc4 Nf6 4. d4 exd4 5. e5 d5 6. Bb5 Nd7 7. O-O Be7 8.
Bxc6 bxc6 9. Nxd4 Nb8 10. f4 c5 11. Nf3 O-O 12. Be3 Nc6 13. Nbd2 Bf5 14. Nb3 d4
15. Bf2 a5 16. Qd2 a4 17. Nc1 Qd5 18. Bh4 f6 19. exf6 Bxf6 20. Bxf6 Rxf6 21.
Nd3 Raf8 22. Nde5 Be6 23. Nxc6 Qxc6 24. Ne5 Qd5 25. c4 dxc3 26. Qxc3 Rxf4 27.
Rxf4 Rxf4 28. a3 Qd4+ 29. Qxd4 cxd4 30. Rc1 Re4 31. Nd3 Re3 32. Nc5 d3 33. Rd1
Bc4 34. Rd2 Re5 35. Nxa4 Bb3 36. Nc3 Bc2 37. Kf2 Kf7 38. Kf3 Ke6 39. Nd1 Rd5
40. Nc3 Rd8 41. Ke3 c5 42. b4 c4 43. a4 Kd6 44. Kd4 Bb3 45. Ne4+ Kc6+ 46. Kc3
Bxa4 1/2-1/2

[Event "SVG Plettenberg 1 - Bielefelder SK 1"]
[Site "NRW-Klasse, Gruppe 1 2016/201"]
[Date "2016.11.13"]
[Round "3.4"]
[White "Schulze, Marc"]
[Black "Forchert, Niko"]
[Result "1/2-1/2"]
[WhiteElo "2179"]
[BlackElo "2058"]
[Annotator "Hausrath,Daniel"]
[PlyCount "145"]
[EventDate "2016.??.??"]
[WhiteTeam "SVG Plettenberg 1"]
[BlackTeam "Bielefelder SK 1"]

1. d4 d5 2. Bf4 Nf6 3. Nf3 c6 4. e3 Qb6 5. Qc1 Bf5 6. Be2 h6 7. h3 e6 8. O-O
Nbd7 9. Nbd2 Be7 10. c3 O-O 11. Bd1 c5 12. Bc2 Bxc2 13. Qxc2 Rac8 14. Qb3 Rc6
15. Ne5 Nxe5 16. Bxe5 Nd7 17. Bh2 Bf6 18. Qxb6 Rxb6 19. Rab1 $11 Rc8 20. Rfd1
cxd4 21. cxd4 a5 22. Nb3 a4 23. Nc1 a3 24. Nb3 Rc2 25. bxa3 Rxa2 26. Bc7 Rc6
27. Ba5 Rxa3 28. Bb4 Raa6 29. Be1 Bd8 30. Nc5 Nxc5 31. dxc5 Rxc5 32. Rxb7 Bf6
33. Kf1 Ra2 34. Rbb1 Rcc2 35. Rdc1 Re2 36. Rb7 Rec2 37. Rxc2 Rxc2 38. Rb1 Ra2
39. Rc1 g6 40. Rb1 Kg7 41. Rc1 e5 42. Rd1 d4 43. exd4 exd4 44. f3 Ra3 45. Ke2
Re3+ 46. Kf1 Rb3 47. Ke2 Be5 48. Bf2 Rb2+ 49. Rd2 Rxd2+ 50. Kxd2 Kf6 51. Kd3
Kf5 52. Be1 h5 53. Bf2 Kf4 54. Be1 Bf6 55. Bf2 g5 56. Be1 Bg7 57. Bf2 f5 58.
Be1 Be5 59. Bf2 Bf6 60. Be1 g4 61. fxg4 fxg4 62. hxg4 Kxg4 63. Ke2 Bh4 64. Bd2
Bg5 65. Be1 Be3 66. Kd3 Bg1 67. Ke4 Bh2 68. Kxd4 Bg3 69. Bd2 Bf2+ 70. Ke4 Kg3
71. Kf5 Kxg2 72. Bg5 Kh3 73. Bd8 1/2-1/2

[Event "SVG Plettenberg 1 - Bielefelder SK 1"]
[Site "NRW-Klasse, Gruppe 1 2016/201"]
[Date "2016.11.13"]
[Round "3.5"]
[White "Klatt, Jan"]
[Black "Bouaraba, Max"]
[Result "1-0"]
[WhiteElo "2056"]
[BlackElo "2185"]
[PlyCount "99"]
[EventDate "2016.??.??"]
[WhiteTeam "Bielefelder SK 1"]
[BlackTeam "SVG Plettenberg 1"]

1. g3 Nf6 2. Bg2 g6 3. Nf3 Bg7 4. c4 O-O 5. O-O Nc6 6. Nc3 d6 7. d4 a6 8. h3
Rb8 9. d5 Na5 10. Qd3 c5 11. e4 b5 12. cxb5 axb5 13. e5 Ne8 14. exd6 exd6 15.
Bg5 f6 16. Bf4 Bf5 17. Qe2 b4 18. Ne4 g5 19. Bc1 Nc7 20. g4 Bg6 21. Ng3 Qd7 22.
Rd1 Rbe8 23. Be3 f5 24. gxf5 Bxf5 25. Nxg5 h6 26. Nxf5 Rxf5 27. Ne6 Nxe6 28.
dxe6 Qxe6 29. Qd3 c4 30. Qc2 Kh8 31. Rxd6 Qxd6 32. Qxf5 Qe5 33. Qd7 Re7 34. Qa4
c3 35. bxc3 bxc3 36. Rd1 Qc7 37. Bd4 Nc4 38. Qa8+ Kh7 39. Be4+ Rxe4 40. Qxe4+
Kh8 41. Bxc3 Nd6 42. Bxg7+ Qxg7+ 43. Qg2 Qf6 44. Qa8+ Kg7 45. Qa7+ Nf7 46. Qd4
Ne5 47. Qe3 Nf3+ 48. Kf1 Qf5 49. Qe7+ Kg6 50. Qd6+ 1-0

[Event "SVG Plettenberg 1 - Bielefelder SK 1"]
[Site "NRW-Klasse, Gruppe 1 2016/201"]
[Date "2016.11.13"]
[Round "3.6"]
[White "Pieper, Dawid"]
[Black "Roemhild, Marcus"]
[Result "1/2-1/2"]
[WhiteElo "2157"]
[BlackElo "2012"]
[PlyCount "29"]
[EventDate "2016.??.??"]
[WhiteTeam "SVG Plettenberg 1"]
[BlackTeam "Bielefelder SK 1"]

1. e4 c5 2. Nf3 g6 3. d4 cxd4 4. Qxd4 Nf6 5. e5 Nc6 6. Qa4 Nd5 7. Qe4 Nc7 8.
Nc3 Bg7 9. Bc4 O-O 10. Bf4 b5 11. Bb3 Bb7 12. Qe3 Na5 13. Bh6 Nxb3 14. axb3
Bxh6 15. Qxh6 1/2-1/2

[Event "SVG Plettenberg 1 - Bielefelder SK 1"]
[Site "NRW-Klasse, Gruppe 1 2016/201"]
[Date "2016.11.13"]
[Round "3.7"]
[White "Gruettemeier, Uwe"]
[Black "Jansen, Dirk Norbert"]
[Result "1-0"]
[WhiteElo "2002"]
[BlackElo "2090"]
[Annotator "Hausrath,Daniel"]
[PlyCount "89"]
[EventDate "2016.??.??"]
[WhiteTeam "Bielefelder SK 1"]
[BlackTeam "SVG Plettenberg 1"]

1. d4 f5 2. Nf3 Nf6 3. g3 g6 4. Bg2 Bg7 5. O-O O-O 6. c4 d6 7. Nc3 Qe8 8. Be3
Na6 9. d5 Nc5 10. Nb5 Na6 11. Nxa7 Bd7 12. Nb5 Bxb5 13. cxb5 Qxb5 14. Nd4 Qd7
15. Ne6 Rfc8 16. Nxg7 Kxg7 17. Bd4 Nc5 18. b4 Nce4 19. h4 e5 20. dxe6 Qxe6 21.
Qd3 c5 22. Bxf6+ Kxf6 23. Rfd1 cxb4 24. Bxe4 fxe4 25. Qd4+ Qe5 26. Qxb4 Rd8 27.
Qxb7 Ra3 28. Qb6 Ke7 29. e3 Rd3 30. Rac1 Qd5 31. Rf1 Rd7 32. Qb2 Ke6 33. Qh8
Qxa2 34. Qg8+ Rf7 35. Rc7 Kf6 36. Qh8+ Kf5 37. Qc8+ Kf6 38. Qh8+ Kf5 39. Qc8+
Kf6 $11 40. Rfc1 Rxc7 41. Qxc7 Qe2 42. Qd8+ Ke6 43. Qe8+ Kf5 44. Qf7+ Ke5 45.
Rc7 1-0

[Event "SVG Plettenberg 1 - Bielefelder SK 1"]
[Site "NRW-Klasse, Gruppe 1 2016/201"]
[Date "2016.11.13"]
[Round "3.8"]
[White "Noelke, Manfred"]
[Black "Danielmeier, Ralf"]
[Result "1/2-1/2"]
[WhiteElo "1915"]
[BlackElo "1969"]
[PlyCount "33"]
[EventDate "2016.??.??"]
[WhiteTeam "SVG Plettenberg 1"]
[BlackTeam "Bielefelder SK 1"]

1. d4 Nf6 2. Nf3 g6 3. Bf4 Bg7 4. e3 O-O 5. Be2 d6 6. c4 Nbd7 7. Nc3 c6 8. O-O
Qe8 9. h3 e5 10. Bh2 Qe7 11. b4 Ne8 12. Qb3 Kh8 13. a4 f5 14. c5 d5 15. b5 e4
16. Ne1 g5 17. a5 1/2-1/2

[Event "SF Lieme 1 - SF Neuenkirchen 1"]
[Site "NRW-Klasse, Gruppe 1 2016/201"]
[Date "2016.11.13"]
[Round "3.1"]
[White "Wilde, Pierre"]
[Black "Essing, Arnold"]
[Result "1/2-1/2"]
[WhiteElo "2228"]
[BlackElo "2186"]
[PlyCount "51"]
[EventDate "2016.??.??"]
[WhiteTeam "SF Neuenkirchen 1"]
[BlackTeam "SF Lieme 1"]

1. c4 f5 2. g3 d6 3. Nc3 Nf6 4. Bg2 g6 5. d3 Bg7 6. e4 c6 7. Nge2 O-O 8. O-O
Na6 9. h3 e5 10. exf5 gxf5 11. f4 Qe8 12. Be3 Qg6 13. Qd2 Nh5 14. Kh2 Nc7 15.
d4 e4 16. d5 c5 17. a3 b6 18. b4 Ba6 19. b5 Bc8 20. a4 a5 21. Rae1 Bd7 22. Bf2
Ne8 23. Nd1 Nef6 24. Ne3 Rae8 25. Rg1 Kf7 26. Ref1 1/2-1/2

[Event "SF Lieme 1 - SF Neuenkirchen 1"]
[Site "NRW-Klasse, Gruppe 1 2016/201"]
[Date "2016.11.13"]
[Round "3.2"]
[White "Wittke, Rene"]
[Black "Buendgen, Achim"]
[Result "1/2-1/2"]
[WhiteElo "2191"]
[BlackElo "2161"]
[PlyCount "37"]
[EventDate "2016.??.??"]
[WhiteTeam "SF Lieme 1"]
[BlackTeam "SF Neuenkirchen 1"]

1. e4 e5 2. d4 exd4 3. Nf3 Nc6 4. Bc4 Nf6 5. Ng5 d5 6. exd5 Qe7+ 7. Kf1 Ne5 8.
Qxd4 Nxc4 9. Qxc4 h6 10. Nf3 Qc5 11. Qe2+ Be7 12. Be3 Qxd5 13. Nc3 Qa5 14. Re1
O-O 15. Bxh6 Bc5 16. Bd2 Bf5 17. Qc4 Qb4 18. Qxb4 Bxb4 19. Nd4 1/2-1/2

[Event "SF Lieme 1 - SF Neuenkirchen 1"]
[Site "NRW-Klasse, Gruppe 1 2016/201"]
[Date "2016.11.13"]
[Round "3.3"]
[White "Vos, Thomas"]
[Black "Himpenmacher, Andy"]
[Result "1/2-1/2"]
[WhiteElo "2180"]
[BlackElo "2169"]
[PlyCount "97"]
[EventDate "2016.??.??"]
[WhiteTeam "SF Neuenkirchen 1"]
[BlackTeam "SF Lieme 1"]

1. d4 Nf6 2. Bg5 e6 3. Nd2 c5 4. e3 Nc6 5. c3 d5 6. Bd3 h6 7. Bh4 b6 8. f4 Be7
9. Ngf3 Bb7 10. Qe2 O-O 11. O-O Ne4 12. Bxe7 Nxe7 13. Ne5 f6 14. Ng4 Qc7 15.
Nf2 Nxd2 16. Qxd2 e5 17. dxe5 fxe5 18. Ng4 e4 19. Be2 Rad8 20. Ne5 Rf6 21. b4
Nc6 22. Ng4 Rff8 23. b5 Ne7 24. Ne5 Rf6 25. Bh5 Nf5 26. Rac1 Nd6 27. Qe2 Qe7
28. g4 Qe6 29. h4 Nc4 30. Nxc4 dxc4 31. g5 Rff8 32. Bg4 Qf7 33. Qg2 Kh8 34. Qh3
Rd2 35. Be6 Qh5 36. Bg4 Qg6 37. Rcd1 Qd6 38. Rxd2 Qxd2 39. Rd1 Qxc3 40. Be6 Qc2
41. Qg4 Qc3 42. Qg3 Qc2 43. Rd6 Qc1+ 44. Kh2 Qc2+ 45. Kh3 h5 46. f5 Qe2 47. f6
gxf6 48. g6 Qf1+ 49. Kh2 1/2-1/2

[Event "SF Lieme 1 - SF Neuenkirchen 1"]
[Site "NRW-Klasse, Gruppe 1 2016/201"]
[Date "2016.11.13"]
[Round "3.4"]
[White "Schaffarczyk, Andre"]
[Black "Hachmeister, Dirk"]
[Result "1/2-1/2"]
[WhiteElo "2114"]
[BlackElo "2147"]
[Annotator "Hausrath,Daniel"]
[PlyCount "143"]
[EventDate "2016.??.??"]
[WhiteTeam "SF Lieme 1"]
[BlackTeam "SF Neuenkirchen 1"]

1. e4 d6 2. d4 c6 3. Nc3 e5 4. Nf3 Nd7 5. Bc4 Be7 6. O-O Ngf6 7. a4 O-O 8. Re1
h6 9. b3 Re8 10. Bb2 Bf8 11. Bd3 Qa5 12. Ne2 g6 13. Bc3 Qc7 14. dxe5 dxe5 15.
a5 Nc5 16. Ng3 Nxd3 17. Qxd3 Bg4 18. h3 Rad8 19. Qe3 Bxf3 20. Qxf3 Nd7 21. Qg4
Bg7 22. Qe2 Nc5 23. Qe3 b6 24. axb6 axb6 25. Bb2 $11 Rd7 26. Red1 Red8 27. Rxd7
Rxd7 28. Nf1 Ne6 29. Nd2 b5 30. Nf3 Kh7 31. Qe1 f6 32. Rd1 h5 33. Rxd7 Qxd7 34.
Qd2 Qxd2 35. Nxd2 Bh6 36. Nf3 Nc5 37. Ba3 Nxe4 38. Kf1 Kg7 39. Ke2 Kf7 40. Ne1
Ke6 41. Nd3 Nc3+ 42. Ke1 e4 43. Nc5+ Kd5 44. Nd7 f5 45. Bf8 Bc1 46. Bg7 b4 47.
Nf8 g5 48. Bh6 e3 49. fxe3 Bxe3 50. Nh7 Ne4 51. Ke2 Bf4 52. h4 Be5 53. hxg5 Bf4
54. Bf8 Nxg5 55. Nf6+ Ke6 56. Nxh5 Bd6 57. Ng7+ Kd5 58. Bxd6 Kxd6 59. Nxf5+ Ke5
60. Ne3 Kd4 61. Nd1 c5 62. Kf2 c4 63. bxc4 Ne4+ 64. Kf3 Nd2+ 65. Kf4 Nxc4 66.
g4 Ne5 67. g5 Ng6+ 68. Kf5 Nh4+ 69. Kg4 Ng6 70. Kf5 Nh4+ 71. Kg4 Ng6 72. Kf5
1/2-1/2

[Event "SF Lieme 1 - SF Neuenkirchen 1"]
[Site "NRW-Klasse, Gruppe 1 2016/201"]
[Date "2016.11.13"]
[Round "3.5"]
[White "Seegers, Hendrik"]
[Black "Stork, Holger"]
[Result "1/2-1/2"]
[WhiteElo "2132"]
[BlackElo "2092"]
[Annotator "Hausrath,Daniel"]
[PlyCount "184"]
[EventDate "2016.??.??"]
[WhiteTeam "SF Neuenkirchen 1"]
[BlackTeam "SF Lieme 1"]

1. d4 Nf6 2. Nf3 e6 3. Bf4 c5 4. e3 d5 5. c3 Nc6 6. Nbd2 Bd6 7. dxc5 Bxc5 8.
Bd3 O-O 9. O-O Bd6 10. Bg5 h6 11. Bh4 Be7 12. Qc2 Nh5 13. Bxe7 Qxe7 14. Rfe1 b6
15. e4 dxe4 16. Nxe4 Bb7 17. Rad1 Rfd8 18. Ng3 Nxg3 19. hxg3 Rac8 20. Qe2 Nb8
21. Nd4 Qf8 22. g4 Nd7 23. f4 Qc5 24. Kh2 Nf6 25. Kg3 Re8 26. Nf3 Bxf3 27. gxf3
Rcd8 28. Bb5 Rf8 29. Ba4 Qc7 $11 30. c4 Rxd1 31. Rxd1 Rd8 32. Qe5 Qc8 33. Rxd8+
Qxd8 34. g5 hxg5 35. fxg5 Nh5+ 36. Kg4 g6 37. Qe3 Qc7 38. f4 Qxc4 39. Bb3 Qc6
40. Qd2 Qc5 41. Bc2 Qg1+ 42. Kf3 Qf1+ 43. Kg4 Qg1+ 44. Kf3 Qg3+ 45. Ke4 Qh3 46.
Ke5 Qh1 47. Be4 Qg1 48. b4 Qa1+ 49. Kd6 Qf1 50. Bc6 Nxf4 51. Kc7 Nd5+ $11 52.
Kb7 Qc4 53. b5 Qa4 54. Qh2 Kg7 55. Qe5+ Kh7 56. Bxd5 exd5 57. Qxd5 Kg7 58. Qe5+
Kh7 59. Qh2+ Kg7 60. Qb2+ Kh7 61. Qf2 Kg8 62. Qe2 Kh7 63. Qb2 Kg8 64. Qe2 Kh7
65. Kb8 Kg8 66. Qe8+ Kg7 67. Qe5+ Kg8 68. Qd5 Kg7 69. Qb3 Qxb3 70. axb3 f5 71.
gxf6+ Kxf6 72. Kxa7 g5 73. Kxb6 g4 74. Ka6 g3 75. b6 g2 76. b7 g1=Q 77. b8=Q
Qa1+ 78. Kb7 Qh1+ 79. Kb6 Qg1+ 80. Kc6 Qg2+ 81. Kc5 Qf2+ 82. Kd5 Qd2+ 83. Kc4
Qc2+ 84. Kb4 Qd2+ 85. Kb5 Qe2+ 86. Kc5 Qc2+ 87. Kd5 Qd3+ 88. Kc6 Qc3+ 89. Kd7
Qh3+ 90. Kc6 Qc3+ 91. Kd5 Qd3+ 92. Kc5 Qc3+ 1/2-1/2

[Event "SF Lieme 1 - SF Neuenkirchen 1"]
[Site "NRW-Klasse, Gruppe 1 2016/201"]
[Date "2016.11.13"]
[Round "3.6"]
[White "Niermann, Tristan"]
[Black "Rieke, Theo"]
[Result "1-0"]
[WhiteElo "2122"]
[BlackElo "1965"]
[PlyCount "59"]
[EventDate "2016.??.??"]
[WhiteTeam "SF Lieme 1"]
[BlackTeam "SF Neuenkirchen 1"]

1. d4 Nf6 2. c4 c5 3. d5 e5 4. Nc3 d6 5. g3 g6 6. Bg2 Bg7 7. e4 O-O 8. Nge2
Nbd7 9. O-O Ne8 10. Be3 f5 11. Qc2 Ndf6 12. h3 fxe4 13. g4 Bxg4 14. hxg4 Nxg4
15. Bh3 Qh4 16. Bxg4 Qxg4+ 17. Ng3 Nf6 18. Kh2 Qf3 19. Qe2 Bh6 20. Bxh6 Ng4+
21. Kg1 Qxe2 22. Ncxe2 Nxh6 23. Nxe4 Nf5 24. N2g3 Rad8 25. Nxf5 gxf5 26. Ng5
Rf6 27. Ne6 Rd7 28. f4 e4 29. Kf2 h6 30. Rg1+ 1-0

[Event "SF Lieme 1 - SF Neuenkirchen 1"]
[Site "NRW-Klasse, Gruppe 1 2016/201"]
[Date "2016.11.13"]
[Round "3.7"]
[White "Scho, Christian"]
[Black "Schulte, Oliver"]
[Result "1/2-1/2"]
[WhiteElo "2072"]
[BlackElo "2035"]
[PlyCount "64"]
[EventDate "2016.??.??"]
[WhiteTeam "SF Neuenkirchen 1"]
[BlackTeam "SF Lieme 1"]

1. Nf3 Nf6 2. c4 d6 3. Nc3 c6 4. g3 Bg4 5. Bg2 Nbd7 6. b3 e5 7. O-O Be7 8. Bb2
O-O 9. d4 Re8 10. Rc1 Qc7 11. e4 Bf8 12. h3 Bh5 13. d5 Nc5 14. Re1 a5 15. Qc2
Rac8 16. Nh4 Qb8 17. Qd2 b5 18. dxc6 bxc4 19. bxc4 Rxc6 20. Nd5 Nfd7 21. Bc3 a4
22. Rb1 Qa7 23. Rb5 Ne6 24. Reb1 Ndc5 25. Qe3 Qd7 26. Kh2 f6 27. Nf5 Bf7 28.
Nh6+ Kh8 29. Nb6 Qe7 30. Nd5 Qd7 31. Nb6 Qe7 32. Nd5 Qd7 1/2-1/2

[Event "SF Lieme 1 - SF Neuenkirchen 1"]
[Site "NRW-Klasse, Gruppe 1 2016/201"]
[Date "2016.11.13"]
[Round "3.8"]
[White "Stukenbrok, Nils"]
[Black "Beckmann, Klaus"]
[Result "1/2-1/2"]
[WhiteElo "1957"]
[BlackElo "2083"]
[PlyCount "28"]
[EventDate "2016.??.??"]
[WhiteTeam "SF Lieme 1"]
[BlackTeam "SF Neuenkirchen 1"]

1. d4 Nf6 2. c4 e6 3. g3 d5 4. Nf3 Be7 5. Bg2 O-O 6. O-O b6 7. Nbd2 Bb7 8. b3
Nbd7 9. Bb2 c5 10. e3 Rc8 11. Rc1 a6 12. Qe2 Rc7 13. cxd5 exd5 14. Nh4 Re8
1/2-1/2

[Event "Ratinger SK 1 - SF Katernberg 2"]
[Site "NRW-Klasse, Gruppe 1 2016/201"]
[Date "2016.11.13"]
[Round "3.1"]
[White "Hoolt, Sarah"]
[Black "Preuschoff, Michael"]
[Result "1-0"]
[WhiteElo "2355"]
[BlackElo "2159"]
[PlyCount "69"]
[EventDate "2016.??.??"]
[WhiteTeam "SF Katernberg 2"]
[BlackTeam "Ratinger SK 1"]

1. e4 e5 2. Nf3 Nc6 3. Bc4 Nf6 4. d3 Be7 5. Bb3 d6 6. c3 O-O 7. Nbd2 Na5 8. Bc2
c5 9. a3 Nc6 10. b4 b6 11. b5 Na5 12. O-O Qc7 13. a4 d5 14. d4 exd4 15. cxd4
cxd4 16. e5 Ng4 17. Re1 Qc3 18. Ra2 d3 19. Bb1 Bc5 20. Nf1 Bf5 21. h3 d2 22.
Rxd2 Nxf2 23. Rxf2 Bxb1 24. Be3 Be4 25. Bxc5 bxc5 26. Re3 Qb4 27. Ng5 Qb1 28.
Qg4 Bg6 29. e6 f5 30. Qf3 Rfd8 31. e7 Rd7 32. Re5 Qb3 33. e8=Q+ Rxe8 34. Rxe8+
Bxe8 35. Qxf5 1-0

[Event "Ratinger SK 1 - SF Katernberg 2"]
[Site "NRW-Klasse, Gruppe 1 2016/201"]
[Date "2016.11.13"]
[Round "3.2"]
[White "Welzel, Philipp"]
[Black "Wessendorf, Thomas"]
[Result "1-0"]
[WhiteElo "2180"]
[BlackElo "2218"]
[PlyCount "119"]
[EventDate "2016.??.??"]
[WhiteTeam "Ratinger SK 1"]
[BlackTeam "SF Katernberg 2"]

1. d4 g6 2. c4 Bg7 3. e4 d6 4. Nc3 Nc6 5. d5 Nd4 6. Be3 c5 7. Nge2 Nxe2 8. Bxe2
f5 9. exf5 Bxf5 10. g4 Bd7 11. h4 Qa5 12. Qd2 O-O-O 13. h5 gxh5 14. Rxh5 Bxc3
15. Qxc3 Qxc3+ 16. bxc3 Nf6 17. Rh4 Ba4 18. g5 Nd7 19. Kd2 Rdg8 20. Rah1 Nf8
21. Bd3 Rg7 22. Rh6 Be8 23. f4 Bf7 24. Be4 Kc7 25. f5 Rhg8 26. Bf4 Rxg5 27.
Bxg5 Rxg5 28. f6 exf6 29. Rxf6 Rg7 30. Rfh6 Bg6 31. Bxg6 hxg6 32. Rh8 Rf7 33.
Ke2 Kb6 34. Rg8 Kc7 35. Rh6 Kd7 36. Rh3 Ke7 37. Re3+ Kf6 38. Re8 Nd7 39. Re6+
Kf5 40. Rexg6 Ne5 41. Rxd6 Nxc4 42. Rdd8 Re7+ 43. Kd3 b5 44. Rgf8+ Ke5 45. Rf2
Rh7 46. Re2+ Kf4 47. d6 Rh3+ 48. Kc2 Kf3 49. Rde8 Nxd6 50. R8e3+ Kg4 51. Rxh3
Kxh3 52. Re5 Kg4 53. Rxc5 Kf4 54. Rd5 Nc4 55. Kb3 a6 56. Kb4 Ke4 57. Rd8 Nb2
58. Ka5 Na4 59. Rc8 Kd3 60. Kxa6 1-0

[Event "Ratinger SK 1 - SF Katernberg 2"]
[Site "NRW-Klasse, Gruppe 1 2016/201"]
[Date "2016.11.13"]
[Round "3.3"]
[White "Rosen, Bernd"]
[Black "Busch, Christian"]
[Result "1-0"]
[WhiteElo "2216"]
[BlackElo "2082"]
[PlyCount "65"]
[EventDate "2016.??.??"]
[WhiteTeam "SF Katernberg 2"]
[BlackTeam "Ratinger SK 1"]

1. c4 c6 2. Nf3 Nf6 3. g3 d5 4. Qa4 e6 5. cxd5 exd5 6. Bg2 Be7 7. O-O O-O 8. d3
Nbd7 9. Nc3 Re8 10. Qc2 Nc5 11. Rd1 Bg4 12. h3 Bxf3 13. Bxf3 Qc8 14. Bg2 Bf8
15. e4 dxe4 16. dxe4 Qe6 17. Bf4 Rad8 18. b4 Na6 19. a3 Qc8 20. Be3 Qb8 21. f4
Nd5 22. Nxd5 cxd5 23. e5 Nc7 24. Rac1 Rc8 25. Qd3 Rcd8 26. Qe2 Rd7 27. h4 f6
28. exf6 gxf6 29. Qd3 Kh8 30. Bd4 Bg7 31. Qf5 Qd8 32. Bf1 a6 33. Bd3 1-0

[Event "Ratinger SK 1 - SF Katernberg 2"]
[Site "NRW-Klasse, Gruppe 1 2016/201"]
[Date "2016.11.13"]
[Round "3.4"]
[White "Nent, Alexander"]
[Black "Bee, Marcus"]
[Result "1-0"]
[WhiteElo "2099"]
[BlackElo "2117"]
[PlyCount "73"]
[EventDate "2016.??.??"]
[WhiteTeam "Ratinger SK 1"]
[BlackTeam "SF Katernberg 2"]

1. d4 g6 2. e4 Bg7 3. c4 d6 4. Nc3 e5 5. Nf3 Nc6 6. Bg5 f6 7. Be3 Bh6 8. Qd2
Bxe3 9. Qxe3 Bg4 10. d5 Nb8 11. Be2 Nd7 12. h3 Bxf3 13. Bxf3 Kf7 14. Bg4 Kg7
15. h4 h5 16. Bh3 Nh6 17. g3 Qe7 18. f3 a5 19. O-O-O Nc5 20. Rdg1 Nf7 21. g4 g5
22. hxg5 Nxg5 23. gxh5 Rxh5 24. Ne2 Kf8 25. Bg4 Rxh1 26. Rxh1 Qg7 27. Ng3 Nf7
28. Rh5 a4 29. Nf5 Qg8 30. Kc2 c6 31. Nxd6 Nxd6 32. Qxc5 Ke7 33. dxc6 bxc6 34.
Kc3 Rd8 35. b3 axb3 36. axb3 Qg6 37. Qa7+ 1-0

[Event "Ratinger SK 1 - SF Katernberg 2"]
[Site "NRW-Klasse, Gruppe 1 2016/201"]
[Date "2016.11.13"]
[Round "3.6"]
[White "Probst, Andreas"]
[Black "Kaeding, Rainer"]
[Result "0-1"]
[WhiteElo "2111"]
[BlackElo "2117"]
[PlyCount "82"]
[EventDate "2016.??.??"]
[WhiteTeam "Ratinger SK 1"]
[BlackTeam "SF Katernberg 2"]

1. e4 c5 2. Nf3 e6 3. d3 Nc6 4. g3 g6 5. Bg2 Bg7 6. O-O Nge7 7. c3 e5 8. Nbd2
O-O 9. Nc4 d6 10. a4 h6 11. Ne3 Be6 12. Nh4 d5 13. Qf3 d4 14. Nd5 Bxd5 15. exd5
Na5 16. c4 Nb3 17. Ra3 Nxc1 18. Rxc1 Qd6 19. Qe2 a5 20. Re1 g5 21. Nf3 Ng6 22.
Rb3 b6 23. Nd2 f5 24. Nb1 Rae8 25. Na3 e4 26. dxe4 fxe4 27. Nb5 Qf6 28. Nc7 d3
29. Nxe8 Qd4 30. Qd2 Rxe8 31. Rxb6 Nf8 32. Qc3 e3 33. Qxd4 cxd4 34. fxe3 dxe3
35. Bf3 Bd4 36. Re6 e2+ 37. Kg2 Nxe6 38. dxe6 d2 39. Rxe2 d1=Q 40. Bh5 Qg1+ 41.
Kh3 Qf1+ 0-1

[Event "Ratinger SK 1 - SF Katernberg 2"]
[Site "NRW-Klasse, Gruppe 1 2016/201"]
[Date "2016.11.13"]
[Round "3.7"]
[White "Imcke, Patrick"]
[Black "Liedtke, Dirk"]
[Result "1/2-1/2"]
[WhiteElo "2074"]
[BlackElo "2102"]
[PlyCount "61"]
[EventDate "2016.??.??"]
[WhiteTeam "SF Katernberg 2"]
[BlackTeam "Ratinger SK 1"]

1. e4 e6 2. d4 d5 3. Nc3 Bb4 4. Nge2 Nf6 5. e5 Nfd7 6. f4 O-O 7. a3 Be7 8. f5
f6 9. fxe6 Nb6 10. Nf4 fxe5 11. dxe5 Rf5 12. Bd3 Rxe5+ 13. Nce2 Bxe6 14. Nxe6
Rxe6 15. O-O N8d7 16. Nd4 Rf6 17. Bf5 Nf8 18. Qg4 c5 19. Ne6 Nxe6 20. Bxe6+ Kh8
21. Bf4 Rg6 22. Qh3 Bg5 23. Bxg5 Qxg5 24. Rf5 Qe7 25. Bxd5 Rd8 26. c4 Nxd5 27.
cxd5 h6 28. Qf3 Rg5 29. Rf7 Qd6 30. Rxb7 Rxd5 31. Rxa7 1/2-1/2

[Event "Ratinger SK 1 - SF Katernberg 2"]
[Site "NRW-Klasse, Gruppe 1 2016/201"]
[Date "2016.11.13"]
[Round "3.8"]
[White "Dinescu, Adrian"]
[Black "Kueppers, Timo"]
[Result "0-1"]
[WhiteElo "2117"]
[BlackElo "2056"]
[Annotator "Hausrath,Daniel"]
[PlyCount "98"]
[EventDate "2016.??.??"]
[WhiteTeam "Ratinger SK 1"]
[BlackTeam "SF Katernberg 2"]

1. e4 c5 2. Nf3 d6 3. d4 cxd4 4. Nxd4 Nf6 5. Nc3 g6 6. Be2 Bg7 7. O-O O-O 8.
Bg5 Nc6 9. Nb3 Be6 10. f4 Rc8 11. f5 Bd7 12. Qd2 Ne5 13. Rad1 a6 14. Bf4 Bc6
15. Qe3 Qc7 16. a4 b5 17. axb5 axb5 18. Rd2 Nc4 19. Bxc4 bxc4 20. Nc1 Qb7 21.
h3 Nxe4 22. Nxe4 Bxe4 23. fxg6 hxg6 24. c3 Qc6 25. Re1 d5 26. Ne2 Qc5 27. Qxc5
Rxc5 28. Ng3 f5 29. Ra1 Bd3 30. Ra6 Rf6 31. Ra7 Kf7 32. Ne2 $11 Re6 33. Nd4
Bxd4+ 34. cxd4 Rb5 35. Kf2 Reb6 36. Bg5 Rxb2 37. Rxe7+ Kf8 38. Rxb2 Rxb2+ 39.
Kf3 Be4+ 40. Kf4 Bxg2 41. Rc7 Bxh3 42. Ke5 Bg2 43. Be7+ Ke8 44. Bc5 Re2+ 45.
Kf6 f4 46. Bd6 f3 47. Bg3 f2 48. Rc8+ Kd7 49. Rc7+ Kd8 0-1

[Event "Brühler SK 1 - PSV Duisburg 1"]
[Site "NRW-Klasse, Gruppe 1 2016/201"]
[Date "2016.11.13"]
[Round "3.1"]
[White "Wengenroth, Walter"]
[Black "Loifenfeld, Jakov"]
[Result "1/2-1/2"]
[WhiteElo "2225"]
[BlackElo "2407"]
[PlyCount "47"]
[EventDate "2016.??.??"]
[WhiteTeam "PSV Duisburg 1"]
[BlackTeam "Brühler SK 1"]

1. e4 Nf6 2. e5 Nd5 3. d4 d6 4. Nf3 Nc6 5. c4 Nb6 6. e6 fxe6 7. Nc3 g6 8. Be3
Bg7 9. Qd2 O-O 10. O-O-O e5 11. d5 Nd4 12. Nxd4 exd4 13. Bxd4 Bxd4 14. Qxd4 e5
15. dxe6 Bxe6 16. f4 Qf6 17. g3 Bg4 18. Qxf6 Rxf6 19. Re1 Bf3 20. Rg1 Kf8 21.
b3 Re8 22. Bh3 Rf7 23. Nb5 Rfe7 24. Rxe7 1/2-1/2